000 00563nam a2200181Ia 4500
008 090124s9999 xx 000 0 und d
082 _b33931
100 _aसुदामे सौ. भारती
245 _a प्रणवीर
250 _a1
260 _b"विजय प्रकाशन , नागपूर"
_c1997
300 _a382
600 _aसुदामे सौ. भारती
630 _a प्रणवीर
700 _aसुदामे सौ. भारती
730 _a प्रणवीर
942 _cBOOK
999 _c99812
_d99812